| 000 | 00666cam a22002057a 4500 | ||
|---|---|---|---|
| 020 | _a0764537296 | ||
| 040 | _cStDuBDS | ||
| 082 | 0 | 4 | _a005 WIL 2003 A002 Or. |
| 100 | 1 | _aBardzell, Shaowen. | |
| 245 | 1 | 0 | _aMastering Macromedia Contribute / |
| 260 |
_aIndianapolis, IN : _bWiley Pub., _cc2003. |
||
| 300 |
_axiii, 307 p. : _bill. ; _c24 cm. |
||
| 500 | _aIncludes index. | ||
| 650 | 0 | _aWeb sites | |
| 700 | 1 | _aBardzell, Jeffrey. | |
| 856 | 4 | 2 | _uhttp://www.loc.gov/catdir/bios/wiley046/2002114845.html |
| 856 | 4 | 1 | _uhttp://www.loc.gov/catdir/toc/wiley041/2002114845.html |
| 856 | 4 | 2 | _uhttp://www.loc.gov/catdir/description/wiley039/2002114845.html |
| 942 | _cEK | ||
| 999 |
_c17153 _d17153 |
||